000 01565nam0a22003251 4500
001 rc\3632716
005 20260407130414.0
021 _aRU
_b[73-56089]
035 _a(NLR Aleph) 007825660
090 _a7758395
_c7758395
100 _a20130115d1972 |||y0rusy50 ca
101 0 _arus
102 _aRU
105 _aa z |||||
200 1 _aМетодика измерения усилий резания на станках с однолезвийным инструментом
_e(Оперативно-информ. материалы)
_fАН СССР. Ин-т проблем надежности и долговечности машин. Лаб. мех.-конструктивных исследований надежности машин
210 _aМинск
_cБ. и.
_d1972
215 _a20 с.
_cчерт.
_d19
300 _aВ вып. дан. сост.: Кравчук С.П., Сидоренко С.В., Скворцов В.И.
320 _aСписок лит.: с. 19-20 (16 назв.)
606 _aМеталлорежущие станки
_xСилы резания
_xИзмерения
_2psbo
606 _aДинамометры
_2psbo
702 1 _aСидоренко
_bС.В.
_4220
702 1 _aКравчук
_bС.П.
_4220
702 1 _aСкворцов
_bВ.И.
_4220
712 0 2 _aИнститут проблем надежности и долговечности машин
_cМинск
_3RU\NLR\AUTH\889976603
_9449991
801 0 _aRU
_bNLR
_gpsbo
801 1 _aRU
_bELAR
_2rusmarc
852 _aNLR
_j73-4/25268
942 _cBOOK
980 _aNB